Die Hinterlassenschaft (Titelsatznr. 374260)
[ MARC ]
| 000 -Satzkennung | |
|---|---|
| Kontrollfeld mit fester Länge | 01264cam a2200457 c 4500 |
| 001 - Kontrollnummer | |
| Kontrollnummer | 279954751 |
| 003 - Kontrollnummer Identifier | |
| Kontrollnummer | DE-627 |
| 005 - Datum und Zeit der letzten Transaktion | |
| Kontrollnummer | 20260206132604.0 |
| 007 - Feld mit fester Länge zur physischen Beschreibung - Allgemeine Information | |
| Kontrollfeld mit fester Länge | tu |
| 008 - Feld mit fester Länge zur physischen Beschreibung - Allgemeine Angaben | |
| Kontrollfeld mit fester Länge | 000814s1988 xx ||||| 00| ||ger c |
| 015 ## - Nummer der Nationalbibliografie | |
| Nummer der Nationalbibliografie | 88,A33,1040 |
| Quelle | dnb |
| 016 7# - Kontrollnummer der nationalbibliografischen Agentur | |
| Datensatzkontrollnummer | 880896884 |
| Quelle | DE-101 |
| 020 ## - Internationale Standardbuchnummer | |
| Internationale Standardbuchnummer | 3327005664 |
| 035 ## - Systemkontrollnummer | |
| Systemkontrollnummer | (DE-627)279954751 |
| 035 ## - Systemkontrollnummer | |
| Systemkontrollnummer | (DE-576)086559192 |
| 035 ## - Systemkontrollnummer | |
| Systemkontrollnummer | (DE-599)GBV279954751 |
| 035 ## - Systemkontrollnummer | |
| Systemkontrollnummer | (OCoLC)247727216 |
| 035 ## - Systemkontrollnummer | |
| Systemkontrollnummer | (OCoLC)721875158 |
| 035 ## - Systemkontrollnummer | |
| Systemkontrollnummer | (OCoLC)247727216 |
| 040 ## - Katalogisierungsquelle | |
| Original-Katalogisierungsstelle | DE-627 |
| Katalogisierungssprache | ger |
| Übertragungsstelle | DE-627 |
| Beschreibungsfestlegungen | rakwb |
| 041 ## - Sprachcode | |
| Sprachcode des Textes/der Tonspur oder des separaten Titels | ger |
| 044 ## - Ländercode der veröffentlichenden/herstellenden Stelle | |
| ISO-Ländercode | XA-DDDE |
| 084 ## - Andere Notation | |
| Notation | 59 |
| Quelle der Nummer | sdnb |
| 084 ## - Andere Notation | |
| Notation | GN 9999 |
| Quelle der Nummer | rvk |
| 084 ## - Andere Notation | |
| Notation | 17.97 |
| Quelle der Nummer | bkl |
| 084 ## - Andere Notation | |
| Notation | 18.10 |
| Quelle der Nummer | bkl |
| 100 1# - Haupteintragung - Personenname | |
| Feldverknüpfung und Reihenfolge | 1\p |
| Personenname | Nauschütz, Hans Joachim |
| Datumsangaben in Verbindung mit einem Namen | 1940-1993 |
| Funktionsbezeichnungscode | aut |
| 245 14 - Titel | |
| Titel | Die Hinterlassenschaft |
| Zusatz zum Titel | Roman |
| Verfasserangabe etc. | Hans Joachim Nauschütz |
| 250 ## - Ausgabebezeichnung | |
| Ausgabebezeichnung | 1. Aufl. |
| 263 ## - Geplantes Erscheinungsdatum | |
| Geplantes Erscheinungsdatum | Gewebe : M 7.80 |
| 300 ## - Physische Beschreibung | |
| Umfang | 271 S. |
| Andere physische Details | Ill. |
| Maße | 19 cm |
| 951 ## - EQUIVALENCE OR CROSS-REFERENCE-GEOGRAPHIC NAME/AREA NAME [OBSOLETE] [CAN/MARC only] | |
| Geografischer Name | BO |
| 700 1# - Nebeneintragung - Personenname | |
| Personenname | Fischer, Karl |
| Datumsangaben in Verbindung mit einem Namen | 1921-2019 |
| Funktionsbezeichnung | Ill. |
| Funktionsbezeichnungscode | ill |
| 700 1# - Nebeneintragung - Personenname | |
| Personenname | Nauschütz, Hans Joachim |
| Datumsangaben in Verbindung mit einem Namen | 1940-1993 |
| Funktionsbezeichnungscode | oth |
| 583 1# - ACTION NOTE | |
| Bearbeitung | Archivierung prüfen |
| Zeit/Datum der Bearbeitung | 20200919 |
| Autorisierende Stelle | DE-640 |
| Allgemeine Bemerkungen | 1 |
| Quelle des Terms | pdager |
| 583 1# - ACTION NOTE | |
| Bearbeitung | Archivierung prüfen |
| Zeit/Datum der Bearbeitung | 20240324 |
| Autorisierende Stelle | DE-4165 |
| Allgemeine Bemerkungen | 1 |
| Quelle des Terms | pdager |
| 936 rv - OCLC/CONSER MISCELLANEOUS DATA (OCLC); PIECE USED FOR CATALOGING (pre-AACR2) (RLIN) | |
| OCLC control number(s) of parallel record(s) (OCLC); Piece used for cataloging, PUC (RLIN) | GN 9999 |
| 936 bk - OCLC/CONSER MISCELLANEOUS DATA (OCLC); PIECE USED FOR CATALOGING (pre-AACR2) (RLIN) | |
| OCLC control number(s) of parallel record(s) (OCLC); Piece used for cataloging, PUC (RLIN) | 17.97 |
| 936 bk - OCLC/CONSER MISCELLANEOUS DATA (OCLC); PIECE USED FOR CATALOGING (pre-AACR2) (RLIN) | |
| OCLC control number(s) of parallel record(s) (OCLC); Piece used for cataloging, PUC (RLIN) | 18.10 |
| 942 ## - Zusätzliche Felder (Koha) | |
| Klassifikation oder Aufstellungssystematik | Andere/Generische Klassifikation |
| Koha-Medientyp | Bücher |
| Ausgeschieden | Verloren | Klassifikation oder Aufstellungssystematik | Beschädigt | Nicht entleihbar | Permanenter Standort | Aktueller Standort | Aufstellungsort | Erwerbungsdatum | Anzahl Ausleihen | Signatur | Letzte Aktivität | Exemplarnummer | Preis gültig von | Medientyp |
|---|---|---|---|---|---|---|---|---|---|---|---|---|---|---|
| Andere/Generische Klassifikation | Stadtarchiv Frankfurt (Oder) | Archivbibliothek | Stadtarchiv Frankfurt (Oder) | Archivbibliothek | Magazin | 06/02/2026 | I: 2949 | 06/02/2026 | 31/2026 | 06/02/2026 | Bücher |